01509nam a2200289 a 45000010008000000030009000080050017000170070008000340080040000420200019000820400022001011000037001232450142001602600053003023000042003555000129003975000046005265040026005725050345005986500044009436500045009876500049010326500041010816500046011227000030011687000021011980000312DO-SdBNP20180306112804.00000312150130s2014 dr abc 000 0 spa d a9789945495178  aBPMSUbspacBPMSU1 aHernández Grullón, Alejandro10aCiencias sociales 5 : beducación básica /cAlejandro Hernández Grullón, Juan Ricardo Hernández; actualización Daniel Pérez aSanto Domingo :bActualidad Escolar 2000,c2014. a206 p. :bil., mapas retrs. ;c28 cm. aEste libro ha sido realizado de acuerdo al curriculum vigente y ha sido sometido a la evaluación a aprovación del MINERD aEdición revisada y actualizada al 2014. aBibliografía p: 2061 tLa isla de Santo Domingo y la región del Caribe --tLos continentes: América, Europa, África, Asia, Oceanía y Antártida --tLas civilizaciones antiguas --tÁfrica y América conquistadas por Europa --tLas civilizaciones del continente americano y pobladores de las Antillas --tAzúcar y esclavitud en la región caribeña. 4aCIENCIAS SOCIALESxENSEÑANZA BÁSICA 4aCIENCIAS SOCIALESxEDUCACIÓN PRIMARIA 4aEDUCACIÓN PRIMARIAxREPÚBLICA DOMINICANA 4aCIENCIAS SOCIALESxLIBROS DE TEXTOS 4aCIENCIAS SOCIALESxESTUDIOS Y EJERCICIOS12aHernández, Juan Ricardo12aPérez, Danilda